| 000 | 00616nam a22001937a 4500 | ||
|---|---|---|---|
| 003 | OSt | ||
| 005 | 20250811072043.0 | ||
| 008 | 240603b |||||||| |||| 00| 0 eng d | ||
| 040 |
_aDWCL-Main Lib. _cOC |
||
| 082 | _aFil. 242.2 M678t 2007 | ||
| 100 | _aMislang, Fred G. | ||
| 245 |
_aThoughts from a friend : _brelax..reflect...renew / _cFr. Fred G Mislang |
||
| 260 |
_aLaguna, Phils. : _bFred G. Mislang, _cc2007. |
||
| 300 |
_aiii, 131 pagrd. : _billustrations ; _c21 cm. |
||
| 504 | _aIncludes references. | ||
| 650 | _a1. Meditations. | ||
| 650 | _a2. Devotional reflections. | ||
| 942 |
_2ddc _cBK - FIL _kFil. _n0 |
||
| 999 |
_c94 _d94 |
||